00467nam a2200193Ia 4500008004100000020001400041050001400055100002100069245003300090245002100123260001500144260001600159260000900175300001400184300002700198300001000225440003000235500000800265170918s9999 xx 000 0 und d a439394538 bB852 2002 aBridwell, Norman aClifford's scary halloween / cNorman Bridwell. aNew York : bScholastic, c2002 aunpaged : bcolored illustration ; c26cm. aClifford the big red dog. a160